| 000 | 00402nam a2200169Ia 4500 | ||
|---|---|---|---|
| 008 | 210210b1913 xxu||||| |||| 00| 0 eng d | ||
| 041 | _aeng | ||
| 082 | _a550/2 | ||
| 100 | _aCOLE (G A J) | ||
| 245 | _aOutlines of mineralogy | ||
| 260 |
_aLondon _bLongmans Green and Company Limited _c1913 |
||
| 650 | _aOutlines | ||
| 650 | _aof | ||
| 650 | _amineralogy | ||
| 690 | _aGeology | ||
| 906 | _a010146 | ||
| 999 |
_c137914 _d137914 |
||